Juventus FC Squad 2022-2023 - Statistics

General Stats
  • This quiz has been taken 415 times
    240 since last reset
  • The average score is 22 of 29
Answer Stats
# Position Nation Player % Correct
9 FW Serbia Dušan Vlahović
96%
14 FW Poland Arkadiusz Milik
93%
6 DF Brazil Danilo
93%
12 DF Brazil Alex Sandro
92%
3 DF Brazil Bremer
90%
7 FW Italy Federico Chiesa
90%
11 MF Colombia Juan Cuadrado
90%
8 MF United States Weston McKennie
90%
1 GK Poland Wojciech Szczęsny
89%
19 DF Italy Leonardo Bonucci
87%
25 MF France Adrien Rabiot
86%
10 MF France Paul Pogba
84%
5 MF Italy Manuel Locatelli
83%
- Coach Italy Massimiliano Allegri
83%
17 MF Serbia Filip Kostić
82%
36 GK Italy Mattia Perin
81%
22 FW Argentina Ángel Di María
77%
44 MF Italy Nicolò Fagioli
72%
18 FW Italy Moise Kean
69%
15 DF Italy Federico Gatti
67%
2 DF Italy Mattia De Sciglio
67%
20 MF Italy Fabio Miretti
66%
23 GK Italy Carlo Pinsoglio
65%
32 MF Argentina Leandro Paredes
64%
24 DF Italy Daniele Rugani
63%
16 FW England Samuel Iling-Junior
60%
30 FW Argentina Matías Soulé
56%
21 FW Brazil Kaio Jorge
49%
33 FW France Marley Aké
26%
No matching quizzes found
Score Distribution
Percent of People with Each Score
Percentile by Number Answered
Your Score History
You have not taken this quiz since the last reset